Tratado de filosofía : (Registro nro. 34446)
[ vista simple ]
| 000 -CABECERA | |
|---|---|
| campo de control de longitud fija | 01063nam a2200265 a 4500 |
| 001 - NÚMERO DE CONTROL | |
| campo de control | 000034955 |
| 005 - FECHA Y HORA DE LA ÚLTIMA TRANSACCIÓN | |
| campo de control | 20250520113530.0 |
| 008 - DATOS DE LONGITUD FIJA--INFORMACIÓN GENERAL | |
| campo de control de longitud fija | 111024s19561957ag 000 0 spa d |
| 040 ## - FUENTE DE LA CATALOGACIÓN | |
| Centro catalogador/agencia de origen | DO-SdBNP |
| Lengua de catalogación | spa |
| Centro/agencia transcriptor | BNPHU |
| 082 ## - NÚMERO DE LA CLASIFICACIÓN DECIMAL DEWEY | |
| Número de clasificación | 150.19 |
| Número de documento/Ítem | J75t |
| 100 1# - ENTRADA PRINCIPAL--NOMBRE DE PERSONA | |
| Nombre de persona | Jolivet, Régis, |
| Fechas asociadas al nombre | 1891-1966. |
| 9 (RLIN) | 60546 |
| 245 10 - MENCIÓN DE TÍTULO | |
| Título | Tratado de filosofía : |
| Resto del título | psicología / |
| Mención de responsabilidad, etc. | Régis Jolivet ; versión castellana de la 5a edición francesa por Leandro de Sesma. |
| 260 ## - PUBLICACIÓN, DISTRIBUCIÓN, ETC. | |
| Lugar de publicación, distribución, etc. | Buenos Aires : |
| Nombre del editor, distribuidor, etc. | Carlos Lohlé, |
| Fecha de publicación, distribución, etc. | 1956 -1957. |
| 300 ## - DESCRIPCIÓN FÍSICA | |
| Extensión | 4v. ; |
| Dimensiones | 23 cm. |
| 505 0# - NOTA DE CONTENIDO CON FORMATO | |
| Información miscelánea | v. 1. |
| Título | Lógica y cosmología -- |
| Información miscelánea | v.2. |
| Título | Psicología -- |
| Información miscelánea | v. 3. |
| Título | Metafisica -- |
| Información miscelánea | v.4. |
| Título | Moral |
| 500 ## - NOTA GENERAL | |
| Nota general | La biblioteca posee el volúmen 2 |
| 500 ## - NOTA GENERAL | |
| Nota general | Bibliografía p. 639-640 |
| 500 ## - NOTA GENERAL | |
| Nota general | Incluye índice |
| 504 ## - NOTA DE BIBLIOGRAFÍA, ETC. | |
| Nota de bibliografía, etc. | Incluye referencias bibliográficas y notas al pie de las páginas. |
| 590 ## - NOTA LOCAL (RLIN) | |
| Nota local | Perteneció a la biblioteca personal de Juan Isidro Jimenes Grullón. |
| 650 #0 - PUNTO DE ACCESO ADICIONAL DE MATERIA--TÉRMINO DE MATERIA | |
| Término de materia o nombre geográfico como elemento de entrada | Psicología |
| 9 (RLIN) | 152 |
| 650 #0 - PUNTO DE ACCESO ADICIONAL DE MATERIA--TÉRMINO DE MATERIA | |
| Término de materia o nombre geográfico como elemento de entrada | Filosofía |
| 9 (RLIN) | 813 |
| 700 12 - PUNTO DE ACCESO ADICIONAL--NOMBRE DE PERSONA | |
| Nombre de persona | Sesma, Leandro de |
| 9 (RLIN) | 60547 |
| 910 ## - DATOS DE OPCIÓN DEL USUARIO (OCLC) | |
| Datos de opción del usuario | Validado. Control de calidad MFF |
| Estado de retiro | Estado de pérdida | Restricciones de uso | No para préstamo | Código de colección | Localización permanente | Ubicación/localización actual | Ubicación en estantería | Fecha de adquisición | Número de inventario | Total de préstamos | Signatura topográfica completa | Código de barras | Fecha visto por última vez | Precio válido a partir de | Tipo de ítem Koha | Nota pública |
|---|---|---|---|---|---|---|---|---|---|---|---|---|---|---|---|---|
| Excluido de préstamo | Raros y valiosos | General | General | En catalogación | 24.10.2011 | LF1 | 150.19 J75t | 34955-10 | 25.06.2020 | 25.06.2020 | No se presta | Perteneció a la biblioteca personal de Juan Isidro Jimenes Grullón. |
